000 00760nam a2200241Ia 4500
003 GCL
008 140319s9999 xx 000 0 ara d
040 _aGCL /
_cGCL
082 0 4 _a750.118
_bج ف
100 1 _aجاسم كريم حبيب
245 1 0 _aفنسنت فان جوخ : بحث تطبيقى فى تفسير انماط السلوك /
_cجاسم كريم حبيب
300 _a104 ص
490 _aالابحاث الكاملة
_v0
650 0 4 _aالنقد
650 0 4 _aالسلوك الجنسى
650 0 4 _aعلم النفس المرضى
650 0 4 _aالسلوك الاجتماعى
650 0 4 _aالرسامون
650 0 4 _aفان جوخ
650 0 4 _aالرسم, علم النفس
650 0 4 _aالابداع
942 _2ddc
_cBK
999 _c37690
_d37690